000 00636nam a22001937a 4500
999 _c194353
_d194353
005 20221216105108.0
010 _aUR-11796
020 _a9789392496080
_c250.00
035 _aU-10351
037 _bDBAD/PUB
_a-
082 _a840.8
100 _aحافظ کرناٹکی
245 _aمضامین نو بہ نو /
_cحافظ کرناٹکی
_hا ر د و
246 _aMazameen Nau Ba Nau /
_bby Hafiz Karnataki
260 _aNew Delhi
_bEducational Publishing House
_c2021 ء
270 _aH.o. D1/16, Ansari Road, Darya Ganj
_bNew Delhi
_e110002
300 _a184 ص
_c23cm(Hb)
942 _2ddc
_cUR
_mح ا ف
_h840.8